A história da papoila (Registo nº 28470)

Detalhes MARC
000 -Etiqueta do registo
Valores 00555cam a2200217 4500
090 ## -
-- 28470
095 ## -
-- PTBN00252095
100 ## - Dados gerais de processamento
Dados gerais 20071008d1977 a y0pory5003 ba
101 0# - Língua de publicação
-- por
102 ## - País de publicação
-- PT
200 1# - Titulo e menção de responsabilidade
Título próprio A história da papoila
Primeira menção de responsabilidade Maria Luísa Ducla Soares
210 ## - Publicação
Local de publicação Lisboa
Nome do editor Estúdios Cor,
Data de publicação imp. 1977
215 ## - Descrição física 
Paginação / Volumes 27, [2] p.
Outras indicações físicas il.
Dimensões 30 cm
675 ## - CDU
Notação 087.5
Edição BN
Língua por
700 #1 - Autor principal (pessoa individual)
Apelido Soares,
Nome Luísa Ducla,
Datas 1939-
ID Autoridade 2431
801 #0 - Fonte de origem
País PT
Agência BN
Regras de catalogação RPC
930 ## -
-- BECRE
998 ## -
-- ESEB2-00209
990 ## - Elementos KOHA
Tipo de documento Livro
995 ## - Localização e informação dos exemplares
-- 18
995 ## - Localização e informação dos exemplares
-- 18
995 ## - Localização e informação dos exemplares
-- 18
Exemplares
Situação do levantamento Estado Biblioteca de origem Biblioteca de empréstimo Código de barras Cota Permissão de empréstimo Tipo de documento
  Completo Biblioteca da Escola Básica e Secundária Dr Isidoro de Sousa Biblioteca da Escola Básica e Secundária Dr Isidoro de Sousa 992EV 087.5 SOA Disponível Livro
  Completo Biblioteca do Centro Escolar de Viana do Alentejo Biblioteca do Centro Escolar de Viana do Alentejo 990BV 087.5 SOA Disponível Livro
  Completo Biblioteca do Centro Escolar de Viana do Alentejo Biblioteca do Centro Escolar de Viana do Alentejo 991BV 087.5 SOA Disponível Livro




Powered by Koha